000 01531 a2200445 4500
001 46830
003 ES-MaCES
005 20241122112815.0
008 151218s2015 sp ||||| |||||||||||spa|d
017 _aM 28111-2015
_bDL
020 _a9788490970560
040 _aES-MaCES
_bspa
_cES-MaCES
245 0 0 _aPadres y madres corresponsales
_b: una utopía real
_cMaría José González y Teresa Jurado Guerrero (eds.)
260 _aMadrid
_bLos libros de la catarata
_c[2015]
300 _a298 p.
_c21 cm
490 1 _aLos Libros de la Catarata
_v154
490 1 _aInvestigación y debate
504 _aBibliografía: p. 291-298
541 _cCompra
650 4 _927322
_apadres
650 4 _929512
_amaternidad
650 4 _927318
_afamilia
650 4 _928289
_atrabajo
650 4 _927303
_aconciliación
650 4 _927062
_acuidado infantil
650 4 _928324
_aeconomía domestica
650 4 _929521
_adiscriminación por razones de sexo
650 4 _929566
_asegmentación del mercado de trabajo
650 4 _930329
_apolítica familiar
650 4 _927183
_aigualdad de oportunidades
650 4 _926964
_aEspaña
650 4 _927260
_ainvestigación sociológica
653 1 0 _aAsuntos Sociales
700 1 _913728
_aGonzález, María José
_eed. lit.
700 1 _915607
_aJurado Guerrero, Teresa
_eed. lit.
830 4 _aLos libros de la Catarata
_v154
_932187
830 0 _aColección Investigación y debate (Los Libros de la Catarata)
_934266
902 _aLIB Libro
942 _2CES
_cBK
_h3.3.
999 _c46830
_d46830